Methods of test for rubber latex: Part V. Drawing of samples (Record no. 73976)

MARC details
000 -LEADER
fixed length control field 00327nam a2200121Ia 4500
245 #0 - TITLE STATEMENT
Title Methods of test for rubber latex: Part V. Drawing of samples
260 ## - PUBLICATION, DISTRIBUTION, ETC. (IMPRINT)
Year of publication 1979
500 ## - GENERAL NOTE
General note Standard number: IS 9316 Part II
650 ## - SUBJECT ADDED ENTRY--TOPICAL TERM
Topical Term Latex
650 ## - SUBJECT ADDED ENTRY--TOPICAL TERM
Topical Term Sample drawing
942 ## - ADDED ENTRY ELEMENTS (KOHA)
Koha item type Standards
Holdings
Withdrawn status Lost status Damaged status Not for loan Collection code Home library Current library Date acquired Koha item type
      Standards Indian standards RRII Library RRII Library 31/12/2021 Standards